Statistics for Countries with Red-and-blue-and-white Flags

Click here to take the quiz!

General Stats

  • This quiz has been taken 176 times
  • The average score is 14 of 22

Answer Stats

Answer % Correct
United States
93%
United Kingdom
91%
Netherlands
88%
Australia
88%
Russia
88%
France
87%
New Zealand
86%
Iceland
64%
Norway
61%
Luxembourg
61%
Czech republic
60%
Slovakia
57%
Thailand
57%
Chile
55%
Panama
50%
Costa Rica
49%
Cuba
49%
North Korea
47%
Liberia
44%
Laos
39%
Cambodia
33%
Samoa
33%

Score Distribution

Percentile by Number Answered

Percent of People with Each Score

Your Score History

You have not taken this quiz